Signal processing and linear systems (Record no. 1319)

000 -LEADER
fixed length control field 00543nam a2200205 a 4500
001 - CONTROL NUMBER
control field 1319
003 - CONTROL NUMBER IDENTIFIER
control field BD-DhUET
008 - FIXED-LENGTH DATA ELEMENTS--GENERAL INFORMATION
fixed length control field 980109s1998 caua b 001 0 eng
020 ## - INTERNATIONAL STANDARD BOOK NUMBER
International Standard Book Number 0941413357
040 ## - CATALOGING SOURCE
Original cataloging agency DLC
Transcribing agency DLC
Modifying agency BD-DhUET
082 00 - DEWEY DECIMAL CLASSIFICATION NUMBER
Classification number 623.22
Item number LAT/1998
100 ## - MAIN ENTRY--PERSONAL NAME
Personal name Lathi B. P.
245 10 - TITLE STATEMENT
Title Signal processing and linear systems
250 ## - EDITION STATEMENT
Edition statement 1st ed
260 ## - PUBLICATION, DISTRIBUTION, ETC. (IMPRINT)
Place of publication, distribution, etc. New York
Name of publisher, distributor, etc. Oxford University Press
Date of publication, distribution, etc. 1998
300 ## - PHYSICAL DESCRIPTION
Extent x, 850 p.
Other physical details ill.
Dimensions 24 cm.
504 ## - BIBLIOGRAPHY, ETC. NOTE
Bibliography, etc Includes bibliographies
650 #0 - SUBJECT ADDED ENTRY--TOPICAL TERM
Topical term or geographic name as entry element Digital signal processing
942 ## - ADDED ENTRY ELEMENTS (KOHA)
Koha item type General Book
Holdings
Koha date last seen Copy number Not for loan Koha issues (times borrowed) Damaged status Sublocation or collection (holding branch) Koha date last borrowed Koha normalized classification for sorting Shelving location Withdrawn status Koha renewals Source of classification or shelving scheme Date acquired Lost status Piece designation (barcode) Location (home branch) Price effective from Koha item type Koha full call number
2019-09-141   Central Library, BUET 623_000000000000000_22LAT1998Circulation section 2 2014-09-03 103856Central Library, BUET2014-09-03General Book623.22/LAT/1998
2014-09-032   Central Library, BUET 623_000000000000000_22LAT1998Circulation section   2014-09-03 103857Central Library, BUET2014-09-03General Book623.22/LAT/1998
2017-08-193 1 Central Library, BUET2015-06-13623_220000000000000_LAT_1998Circulation section   2014-09-03 103859Central Library, BUET2014-09-03General Book623.22/LAT/1998
2017-01-084 1 Central Library, BUET2015-10-20623_000000000000000_22LAT1998Circulation section   2014-09-03 103860Central Library, BUET2014-09-03General Book623.22/LAT/1998
2017-04-115 1 Central Library, BUET2015-05-25623_000000000000000_22LAT1998Circulation section   2014-09-03 103863Central Library, BUET2014-09-03General Book623.22/LAT/1998
2017-06-136 1 Central Library, BUET2015-05-25623_000000000000000_22LAT1998Circulation section   2014-09-03 103864Central Library, BUET2014-09-03General Book623.22/LAT/1998
2017-08-207   Central Library, BUET 623_000000000000000_22LAT1998Circulation section   2014-09-03 103865Central Library, BUET2014-09-03General Book623.22/LAT/1998
2017-10-108   Central Library, BUET 623_000000000000000_22LAT1998Circulation section   2014-11-18 103858Central Library, BUET2014-11-18General Book623.22/LAT/1998
2017-05-319 1 Central Library, BUET2017-04-18623_220000000000000_LAT1998Circulation section   2014-12-02 103861Central Library, BUET2014-12-02General Book623.22 LAT/1998
2017-02-0610   Central Library, BUET 623_220000000000000_LAT_1998Circulation section 2 2015-06-03 100035Central Library, BUET2015-06-03General Book623.22/LAT/1998
2025-09-1711 2 Central Library, BUET2025-09-07623_220000000000000_LAT_1998Circulation section   2007-05-28 103862Central Library, BUET2017-10-31General Book623.22/LAT/1998